Diccionario de costarriqueñismos (Registro nro. 13294)

Detalles MARC
000 -Cabecera
Campo de control de longitud fija 00573nam a22002297a 4500
005 - Fecha y hora de la última transacción
Campo de control 20250219140539.0
008 - Elementos de longitud fija--Información general
Campo de control de longitud fija 220328b1996 xxu||||| |||| 00| 0 spa d
020 ## - International Standard Book Number
Número Internacional Estándar del Libro (ISBN) 9977916551
041 ## - Idioma
Código de idioma Español
082 ## - Clasificación Decimal Dewey
Número de clasificación R 467.972.86 A31d
100 ## - Entrada principal--Autor personal
Nombre personal Agüero Chaves, Arturo
245 ## - Título propiamente dicho
Título Diccionario de costarriqueñismos
260 ## - Pie de imprenta
Lugar de publicación, distribución, etc. Costa Rica
260 ## - Pie de imprenta
Nombre del editor, distribuidor, etc. Asamblea Legislativa
260 ## - Pie de imprenta
Fecha de publicación, distribución, etc. 1996
300 ## - Descripción física
Extensión 360 páginas
650 ## - Materia general
Temática (materia general) DICCIONARIOS
650 ## - Materia general
Temática (materia general) LENGUAJE COLOQUIAL
650 ## - Materia general
Temática (materia general) COSTARRIQUEÑISMOS
650 ## - Materia general
Temática (materia general) ESPAÑOL
942 ## - Punto de acceso adicional KOHA
Tipo de ítem KOHA Referencia
Fuente del sistema de clasificación o colocación Dewey Decimal Classification
Existencias
Signatura completa Código de barras Tipo de ítem
R 467.972.86 A31d 5435 Referencia
R 467.972.86 A31d 5436 Referencia